Normal view MARC view

Entry Personal Name

Number of records used in: 1

001 - CONTROL NUMBER

  • control field: 55781

003 - CONTROL NUMBER IDENTIFIER

  • control field: dpl

005 - DATE AND TIME OF LATEST TRANSACTION

  • control field: 20230901123157.0

008 - FIXED-LENGTH DATA ELEMENTS

  • fixed length control field: 230901|| aca||aabn | a|a d

040 ## - CATALOGING SOURCE

  • Original cataloging agency: dpl
  • Transcribing agency: dpl

100 ## - HEADING--PERSONAL NAME

  • Personal name: पालीवाल, शिखा

670 ## - SOURCE DATA FOUND

  • Source citation: Work cat.: (dpl)193979: पालीवाल, शिखा , सूचना एवं सम्प्रेक्षण तकनीकी /, 2021

© Delhi Public Library
Hit Counter
free hit counter